| 000 | 01234cad a22001935a 4500 | ||
|---|---|---|---|
| 001 | L155661 | ||
| 008 | 120330s2012 xxk f 000 0 eng d | ||
| 035 | _a(Sirsi) u155661 | ||
| 041 | 0 | _aeng | |
| 110 | 2 |
_aUnited Kingdom _bDepartment for Communities and Local Government _94939 |
|
| 245 | 0 | 0 |
_aNational Planning Policy Framework _h[electronic resource] |
| 260 |
_aLondon _bDCLG _c2012 |
||
| 520 | _aGovernment's National Plannling Policy Framework (NPPF) is now in force and English planning authorities have 12 months to ensure their strategies conform to it. The NPPF makes it clear that the local plan is the keystone of the planning regime and that sustainable development embraces social and environmental as well as economic objectives and does so in a balanced way. The new wording has been amended significantly from the 2011 draft with the government accepting in whole or in part 30 out of 35 recommendation to amend the draft NPPF proposed by Commons select committees. | ||
| 590 | _aKA NTK | ||
| 651 | 4 |
_aEngland _y886- |
|
| 690 |
_aPlanning and development _96259 |
||
| 856 | 4 | 0 |
_uhttps://www.gov.uk/government/publications/national-planning-policy-framework--2 _zView the NPPF free of charge at www.gov.uk |
| 942 | _n0 | ||
| 999 |
_c113737 _d113737 |
||